000
00306pam a2200145 a 4500
020
_c
041
_h
082
_a
005.4`3
100
_a
JIM (Parker)
_e
author
245
_a
Linux Unleashed
_h
Textual Document
250
_a
1st
260
_b
Techmedia New Delhi
_c
1999
300
_a
1114
930
_a
5888
999
_c
834994
_d
834994